El Decamerón

Salvato in:
Dettagli Bibliografici
Autore principale: Boccaccio, Giovanni
Natura: Libro
Lingua:Undetermined
Pubblicazione: Madrid, España Salvat 1973
Soggetti:
Tags: Aggiungi Tag
Nessun Tag, puoi essere il primo ad aggiungerne!!

MARC

LEADER 00000nam a2200000Ia 4500
008 170316s9999 xx 000 0 und d
999 |c 8116  |d 8116 
040 |a cru BVZT 
090 |a 850 B-3d 
100 |a Boccaccio, Giovanni 
245 |a El Decamerón  |c / Giovanni Boccaccio 
260 |a Madrid, España  |b Salvat  |c 1973 
300 |a 256 páginas 
650 |a LITERATURA ITALIANA  |9 212 
942 |c SALA  |h 850 B-3d  |2 z